Responses for Show #4121 - Monday, July 1, 2002

Contestants

[<< previous game]

Tom Gould, a software developer from Cambridge, Massachusetts

Judy Anderson, a mortgage banker originally from Savannah, Georgia

Cathy Whitehead, a homemaker from Houston, Texas (whose 1-day cash winnings total $17,600)

[next game >>]

Jeopardy! Round responses

STATE CAPITALS
LET'S GO EAT
HOW ABOUT A REVIVAL?
WILD WEST TALK
THE SPIRIT OF '76
(Alex: The entire category is about the famous painting.)
(Alex: And in the spirit of '76, we have...)
RED, WHITE OR BLUE
    $200 1
Austin

Tom
    $200 6
pizza

Cathy
    $200 11
(John Philip) Sousa

Judy
    $200 14
shootin' irons

Cathy
    $200 26
stamps

Tom
    $200 21
Red

Cathy
    $400 2
Montgomery

Cathy
    $400 7
Chicago

Tom
    $400 12
Ten Cents (A Dance)

Judy
    $400 15
a doctor

Judy
    $400 27
the Civil War

Cathy
    $400 22
a blue whale

Tom
    $600 3
(Cathy: What is Denver?)

Carson City (Nevada)

CathyJudy
    $600 8
(Cathy:What is TGIF or Thank Goodness It's Fridays?)

TGI Fridays

Cathy
    $600 13
the Pied Piper

Tom
    $600 18
pronto

Triple Stumper
    $600 28
the State Department

Tom
    $600 23
White

Tom
    $400 4
Columbus (Ohio)

Judy
    $800 9
a fish stew

Judy
    $800 16
Burgess Meredith

Cathy
    $800 19
a prairie dog

Cathy
    $800 29
the fife

Cathy
    $800 24
red

Judy
    $1000 5
Harrisburg (Pennsylvania)

Judy
    $1000 10
(Tom: What is London?)

Dublin

JudyTom
    $1000 17
(Tom: What are The Follies?)

The Scandals

CathyTom
    $1000 20
(Tom: What's a greenhorn?)

a tenderfoot

JudyTom
    $1000 30
the Centennial Exhibition

Tom
    $1000 25
"White Christmas"

Judy

Scores at the first commercial break (after clue 15):

Cathy Judy Tom
$800 $4,800 $200

Scores at the end of the Jeopardy! Round:

Cathy Judy Tom
$4,800 $7,600 $1,000

Double Jeopardy! Round responses

SONNETS
G-MEN & WOMEN
ANNIVERSARY GIFTS
MED CENTER
(Alex: This is a reference to the Mediterranean, not medical stuff.)
GUINNESS SPORTS RECORDS
DIACRITICAL MARKS
    $400 5
Shakespeare

Judy
    $400 8
John Glenn

Tom
    $400 13
(Cathy: What is Big Brother & the Holding Company?)
...
(Alex:Yes, pearl is the gift for the 30th anniversary.)

Pearl

CathyJudy
    $400 1
Sicily

Tom
    $400 22
the longest hole of a golf course

Cathy
    $400 21
a dot

Judy
    $800 6
"How Do I Love Thee?" (Sonnets from the Portuguese)

Judy
    $800 9
[Alex reads the quote in his best Zsa Zsa accent.]

Zsa Zsa Gabor

Judy
    $800 16
Golden Girls

Tom
    $800 2
Corsica

Tom
    $800 27
a bull

Cathy
    $800 23
invert it or turn it upside down

Tom
    $1200 7
(John) Milton

Cathy
    $1200 10
Gautama

Cathy
    $1200 17
Natalie Wood

Tom
    $1200 3
(Cathy: What is Crete?)
...
(Alex: The island is [*], that was the Venus de Milo. She had no arms, even though it was found in an "arm" of the Mediterranean.)

Milos

Cathy
Triple Stumper
    $1200 28
(Cathy: Who is Michael Jordan?)

(Wilt) Chamberlain

CathyTom
    $2,000 24
Hawai'i

Tom
    $2,000 14
(Judy: [Shakes head])

Death be not proud

Judy
    $1600 11
Jean Genet

Triple Stumper
    $1600 18
Ivory Coast

Judy
    $1600 4
Capri

Judy
    $1600 29
Billie Jean King

Judy
    $1600 25
(Alex: With less than a minute now, here's the clue.)

an accent grave

Cathy
    $2000 15
Rossetti

Judy
    $2000 12
Indira Gandhi

Tom
    $2000 19
the South China Sea

Judy
    $2000 20
Malta

Cathy
    $2000 30
(Tom: What is a horse?)
(Alex: Be more specific.)
(Tom: What is [*]?)

the pommel horse

Tom
    $2000 26
(Cathy: What is a C?)
...
(Alex: What is [*], as in [with French accent] hospital, hostel.)

an S

Cathy
Triple Stumper

Scores at the end of the Double Jeopardy! Round:

Cathy Judy Tom
$7,200 $17,200 $12,600

[wagering suggestions for these scores]

Final Jeopardy! Round responses

FILMS OF THE 1930s
(Alex: [After reading the clue] 35... 30 seconds, not 35 seconds.)
...
(Alex: [After revealing Cathy's response] The Marx Brothers, you're right.)
CathyWhat is A Night at the Opera?
$7,200
TomWhat was What's c
$1,900
JudyWhat is A Night At the Opera?
$8,001
A Night at the Opera

Final scores:

Cathy Judy Tom
$14,400 $25,201 $10,700
2nd place: $2,000 New champion: $25,201 3rd place: $1,000

Game dynamics:

Coryat scores:

Cathy Judy Tom
$7,200 $19,600 $11,800
16 R,
5 W
21 R
(including 1 DD),
1 W
(including 1 DD)
18 R
(including 1 DD),
3 W

Combined Coryat: $38,600

[game clues] [game scores] [suggest correction]

Game tape date: 2002-02-27
The J! Archive is created by fans, for fans. Scraping, republication, monetization, and malicious use prohibited; this site may use cookies and collect identifying information. See terms. The Jeopardy! game show and all elements thereof, including but not limited to copyright and trademark thereto, are the property of Jeopardy Productions, Inc. and are protected under law. This website is not affiliated with, sponsored by, or operated by Jeopardy Productions, Inc. Join the discussion at JBoard.tv.